what a family ! a fresh look at family trees / (رقم التسجيلة. 136278)

تفاصيل مارك
000 -LEADER
fixed length control field 00452nam a22001577a 4500
005 - DATE AND TIME OF LATEST TRANSACTION
control field 20251108175529.0
008 - FIXED-LENGTH DATA ELEMENTS--GENERAL INFORMATION
fixed length control field 250721s2006 xx 000 0 eng d
082 14 - DEWEY DECIMAL CLASSIFICATION NUMBER
Classification number J/F/ISA
100 1# - MAIN ENTRY--PERSONAL NAME
Personal name isadora, rachel
245 10 - TITLE STATEMENT
Title what a family ! a fresh look at family trees /
264 1# - PRODUCTION, PUBLICATION, DISTRIBUTION, MANUFACTURE, AND COPYRIGHT NOTICE
Place of production, publication, distribution, manufacture new york :
Name of producer, publisher, distributor, manufacturer G.p putnam's sons,
Date of production, publication, distribution, manufacture, or copyright notice 2006.
650 17 - SUBJECT ADDED ENTRY--TOPICAL TERM
Topical term or geographic name as entry element Fiction
653 ## - INDEX TERM--UNCONTROLLED
Uncontrolled term أطفال مرحلة متوسطة (6-9) سنوات
942 ## - ADDED ENTRY ELEMENTS (KOHA)
Source of classification or shelving scheme Dewey Decimal Classification
Koha item type كتب
المقتنيات
حالة السحب حالة الفقدان مصدر التصنيف حالة التلف غير قابل للإعارة المكتبة الرئيسية المكتبة الحالية موقع الرف تاريخ التزويد الرقم المتسلسل Total Checkouts رقم الإستدعاء الباركود تاريخ آخر ظهور تاريخ الفاتورة نوع المادة (كوها)
    Dewey Decimal Classification     المكتبة المركزية المكتبة المركزية الأطفال 28/07/2025 1660051   J/F/ISA PLD00405101 28/07/2025 28/07/2025 كتب
    Dewey Decimal Classification     مكتبة أبو علندا العامة مكتبة أبو علندا العامة الأطفال 01/01/2003 1660054   J/F/ISA PLD00410717 28/07/2025 01/01/2003 كتب
    Dewey Decimal Classification     مكتبة الجويدة مكتبة الجويدة الأطفال 01/01/2003 1660053   J/F/ISA PLD00410716 28/07/2025 01/01/2003 كتب
    Dewey Decimal Classification     مكتبة الراية الهاشمية للأطفال مكتبة الراية الهاشمية للأطفال الأطفال 01/01/2003 1660055   J/F/ISA PLD00410718 28/07/2025 01/01/2003 كتب
    Dewey Decimal Classification     مكتبة حمزة العامة مكتبة حمزة العامة الأطفال 01/01/2003 1660052   J/F/ISA PLD00410715 28/07/2025 01/01/2003 كتب
Implemented & Customized by: BBB with SCIT (Smart Chains for Information Technology)

Powered by Koha